logo

Bir Sreshtho Munshi Abdur Rouf Library
Jhenaidah Cadet College

English For Today For Classes 11-12 / (Record no. 5423)

MARC details
000 -LEADER
fixed length control field 00591nam a2200217 a 4500
001 - CONTROL NUMBER
JCCL Control Number 5423
003 - CONTROL NUMBER IDENTIFIER
JCCL marc code BD-JhCC
005 - DATE AND TIME OF LATEST TRANSACTION
control field 20221018134024.0
008 - FIXED-LENGTH DATA ELEMENTS--GENERAL INFORMATION
fixed length control field 171214s20112014bg a|||| || | 000 0 eng d
035 ## - SYSTEM CONTROL NUMBER
system control number (BD-JhCC)5423
040 ## - CATALOGING SOURCE
Original cataloging agency BD-JhCC
Modifying agency BD-JhCC
041 ## - LANGUAGE CODE
Language code of Book eng
082 ## - DEWEY DECIMAL CLASSIFICATION NUMBER
Classification number 420.1
Author mark and Year ENG 2014
245 ## - TITLE STATEMENT
Title English For Today For Classes 11-12 /
Statement of responsibility, etc M. Shahidullah ...[et.all].
260 ## - PUBLICATION, DISTRIBUTION, ETC. (IMPRINT)
Place of publication, distribution, etc Dhaka :
Name of publisher, distributor, etc national Curriculum & TextBook Board,
Date of publication, distribution, etc 2014.
300 ## - PHYSICAL DESCRIPTION
Pagination 320 p. :
Dimensions 24 cm.
650 ## - SUBJECT ADDED ENTRY--TOPICAL TERM
Topical term or geographic name as entry element English Language
700 ## - ADDED ENTRY--PERSONAL NAME
Personal name Shahidullah, M.
942 ## - ADDED ENTRY ELEMENTS (KOHA)
Source of classification or shelving scheme Dewey Decimal Classification
Koha item type Books
Koha issues (borrowed), all copies 3
Holdings
Source of classification or shelving scheme Damaged status Not for loan Home library Current library Shelving location Cost, normal purchase price Total Checkouts Full call number Barcode Date last seen Copy number Koha item type Date checked out Date of accession Checked out Method of acquisition Currency
Dewey Decimal Classification     JCC Rouf Library JCC Rouf Library General Stacks 90.00   420.1 SHA 2014 7649 12/14/2017 C - 1 Books          
Dewey Decimal Classification     JCC Rouf Library JCC Rouf Library General Stacks 90.00 1 420.1 SHA 2014 7648 08/08/2022 C - 2 Books 04/21/2022        
Dewey Decimal Classification     JCC Rouf Library JCC Rouf Library General Stacks 90.00   420.1 SHA 2014 7647 12/14/2017 C - 3 Books          
Dewey Decimal Classification     JCC Rouf Library JCC Rouf Library General Stacks 90.00   420.1 SHA 2014 7646 12/14/2017 C - 4 Books          
Dewey Decimal Classification     JCC Rouf Library JCC Rouf Library General Stacks 90.00   420.1 SHA 2014 7645 12/14/2017 C - 5 Books          
Dewey Decimal Classification     JCC Rouf Library JCC Rouf Library General Stacks 90.00   420.1 SHA 2014 7644 10/27/2018 C - 6 Books          
Dewey Decimal Classification     JCC Rouf Library JCC Rouf Library General Stacks 90.00   420.1 SHA 2014 7643 12/14/2017 C - 7 Books          
Dewey Decimal Classification     JCC Rouf Library JCC Rouf Library   90.00 2 420.1 ENG 2014 14694 10/29/2022 C-8 Books 10/18/2022 03/19/2019      
Dewey Decimal Classification     JCC Rouf Library JCC Rouf Library General Stacks 122.00 1 420.1 ENG 2014 20189 08/12/2025 C-9 Books 08/12/2025   09/16/2025 Purchase BDT
Dewey Decimal Classification     JCC Rouf Library JCC Rouf Library   122.00 1 420.1 ENG 2014 20190 08/12/2025 C-10 Books 08/12/2025   09/16/2025 Purchase BDT
Dewey Decimal Classification     JCC Rouf Library JCC Rouf Library   122.00 1 420.1 ENG 2014 20191 08/12/2025 C-11 Books 08/12/2025   09/16/2025 Purchase BDT
Dewey Decimal Classification     JCC Rouf Library JCC Rouf Library   122.00 1 420.1 ENG 2014 20192 06/29/2025 C-12 Books 06/29/2025   08/03/2025 Purchase BDT
Dewey Decimal Classification     JCC Rouf Library JCC Rouf Library   122.00 1 420.1 ENG 2014 20193 08/13/2025 C-13 Books 08/13/2025   09/17/2025 Purchase BDT

JCC Library | Contacts | JCC Home

Last Update on 23 September 2017
Copyright @ 2017-2020 JCC Rouf Library
Rouf Library, Jhenidah Cadet College (JCC), Bangladesh